000 00670nam a2200193 4500
999 _c13825
_d13825
020 _a9789710095834
082 _aFil. 222.53095 W6645e 2016
100 _aWong, Jojie
245 _aElisha and god's heavenly army /
_cretold by Jojie Wong ; illustrated by Ivan Reverente
260 _aMetro Manila
_bOMF Literature Inc.
_cc2016
300 _a32 pages :
_bchiefly colored illustrations ;
_c22.5 x 17 cm
490 _aWow god!
526 _a200-299
_d220
650 _aKings and rulers -- Biblical teaching
650 _aProphets in the New Testament
650 _aChildren's stories, Philippine (English)
650 _aChildren's stories, Tagalog
942 _2ddc
_cBK